000 00758cam a2200229 a 4500
001 16196792
005 20240222050656.0
008 100421s2010 ii a b 001 0 eng
020 _a9788132104506 (hard back)
020 _a8132104501 (hard back)
040 _aDLC
_cDLC
_dDLC
082 0 0 _a322.4.
_222
_bVAR.
245 0 0 _aVarieties of activist experience :
_bcivil society in South Asia /
_cedited by David N. Gellner.
260 _aNew Delhi, India ;
_aThousand Oaks, Calif. :
_bSAGE Publications,
_c2010.
300 _aviii, 291 p. :
490 1 _aGovernance, conflict, and civic action series ;
650 0 _aPolitical participation
650 0 _aCivil society
650 0 _aPolitical activists
700 1 _aGellner, David N.
_eedt
942 _cL
999 _c475
_d475